| 000 | 00627nam a22002177a 4500 | ||
|---|---|---|---|
| 999 |
_c18221 _d18221 |
||
| 003 | AR-CdUCM | ||
| 008 | 190513b ||||| |||| 00| 0 spa d | ||
| 020 | _a9189030-01-X | ||
| 040 |
_aMUNICIPALIDAD PROVINCIAL DEL CUSCO _cBIBLIOTECA MUNICIPAL DEL CUSCO |
||
| 082 |
_a804 / _bS42 |
||
| 100 |
_aSerón, Raquel _938684 |
||
| 245 | _aEl espacio la vida y yo / | ||
| 260 |
_aEstocolmo : _bSaltomortal, _c1996. |
||
| 300 |
_a69 páginas ; _c20 cm. |
||
| 505 | _aContenido: Cuento | ||
| 650 |
_aLiteratura sueca _910509 |
||
| 650 |
_aCuentos _9217 |
||
| 650 |
_aSiglo XX. _98 |
||
| 942 |
_2ddc _cLIBROS |
||
| 945 |
_aacv _d2019-05-13 |
||